Szczegóły MARC21

Fizyczno-chemiczne badanie wody i ścieków /

003 -Nazwa inst., której nr kontr. jest w polu 001 [,]
    • @
    • Nazwa instytucji, której n kontrolny jest w polu 001
    • NUKAT
005 -DATA I CZAS OSTATNIEJ MODYFIKACJI [,]
    • @
    • pole kontrolne
    • 20241231113716.0
020 -Międzynarod. znormalizowany nr książki - ISBN [ , ]
    • a
    • Numer ISBN
    • 8321340679 Find
040 -Instytucja sporządzająca opis [ , ]
    • a
    • Instytucja, która sporządziła opis (NP)
    • KIEL 008/JK
    • c
    • Instytucja, która sporządziła rekord (NP)
    • KIEL 008/JK
    • d
    • Instytucja, która zmodyfikowała rekord (P)
    • KIEL 008/JS
    • d
    • Instytucja, która zmodyfikowała rekord (P)
    • GL 001/AD
942 -Rodzaj dokumentu [ , ]
    • c
    • Rodzaj dokumentu
    • Książka
245 -Strefa tytułu i oznaczenia odpowiedzialności [0,0]
    • a
    • Tytuł
    • Fizyczno-chemiczne badanie wody i ścieków / Find
    • c
    • Pozostałe elementy strefy tytułu i oznaczenia odpowiedzialności (NP)
    • Witold Hermanowicz [et al.].
250 -Strefa wydania [ , ]
    • a
    • Oznaczenie wydania (NP)
    • Wyd. 2 /
    • b
    • Ciąg dalszy strefy wydania (NP)
    • oprac. pod kier. Jana Dojlido.
260 -Strefa adresu wydawniczego [ , ]
    • a
    • Miejsce wydania (P)
    • Warszawa :
    • b
    • Nazwa wydawcy (P)
    • "Arkady",
    • c
    • Data wydania (P)
    • 1999.
300 -Strefa opisu fizycznego [ , ]
    • a
    • Określenie formy książki i/lub objętość (NP)
    • 555, [1] s. :
    • b
    • Oznaczenie ilustracji (NP)
    • il. ;
    • c
    • Format (NP)
    • 25 cm.
336 -Typ zawartości [ , ]
    • a
    • Termin opisujący typ zawartości
    • Tekst
    • b
    • Kod określający zawartość
    • txt
    • 2
    • Źródło (terminu i kodu)
    • rdacontent
337 -Typ mediów [ , ]
    • a
    • Tryb odtwarzania
    • Bez urządzenia pośredniczącego
    • b
    • Kod typu mediów
    • n
    • 2
    • Źródło (terminu i kodu)
    • rdamedia
338 -Typ/rodzaj nośnika [ , ]
    • a
    • Hasło opisujące typ nośnika
    • Wolumin
    • b
    • Kod typu nośnika
    • nc
    • 2
    • Źródło (terminu i kodu)
    • rdacarrier
504 -Uwaga dot. bibliogr. załącznikowej [ , ]
    • a
    • Uwaga dot. bibliografii załącznikowej
    • Bibliogr. s. 540-550. Indeks.
521 -Uwaga dot. przeznaczenia czytelniczego [8, ]
    • a
    • Uwaga dot. przeznaczenia czytelniczego
    • Książka jest przeznaczona głównie dla pracowników laboratoriów analitycznych. Może być przydatna dla specjalistów zajmujących się ochroną środowiska oraz oczyszczaniem wody i ścieków. Z książki mogą korzystać także studenci wydziałów o profilu ekologicznym.
080 -Uniwersalna Klasyfikacja Dziesiętna [ , ]
    • 2
    • Identyfikator wydania tablic
    • UDC-P058
    • 9
    • UKD
    • 5147
    • a
    • Symbol klasyfikacji
    • 628.1
    • b
    • Dopowiedzenie
    • Woda. Zaopatrywanie w wodę. Spożycie i zużycie wody. Zasoby wody. Ujęcia. Studnie. Wodociągi. Stacje pomp.
080 -Uniwersalna Klasyfikacja Dziesiętna [ , ]
    • 2
    • Identyfikator wydania tablic
    • UDC-P058
    • 9
    • UKD
    • 5150
    • a
    • Symbol klasyfikacji
    • 628.3
    • b
    • Dopowiedzenie
    • Ścieki: oczyszczanie i obróbka. Osady. Wykorzystanie (utylizacja ścieków).
080 -Uniwersalna Klasyfikacja Dziesiętna [ , ]
    • 2
    • Identyfikator wydania tablic
    • UDC-P058
    • 9
    • UKD
    • 4201
    • a
    • Symbol klasyfikacji
    • 543.5
    • b
    • Dopowiedzenie
    • Fizykochemiczne metody analizy (poza optycznymi). Spektrometria masowa. Analiza radiometryczna. Radiochemiczne metody analizy. Analiza aktywacyjna. Elektroforeza. Kataforeza. Analiza elektroanalityczna. Analiza elektrochemiczna. Analiza termiczna.
650 -Hasło przedmiotowe [ ,7]
    • a
    • Hasło przedmiotowe
    • Woda
    • x
    • Określnik rzeczowy
    • chemia
    • x
    • Określnik rzeczowy
    • badania.
    • 2
    • Źródło terminu
    • kaba
    • 9
    • KHW
    • 365822
650 -Hasło przedmiotowe [ ,7]
    • a
    • Hasło przedmiotowe
    • Woda
    • x
    • Określnik rzeczowy
    • jakość
    • x
    • Określnik rzeczowy
    • badania.
    • 2
    • Źródło terminu
    • kaba
    • 9
    • KHW
    • 365823
650 -Hasło przedmiotowe [ ,7]
    • a
    • Hasło przedmiotowe
    • Woda
    • x
    • Określnik rzeczowy
    • analiza.
    • 2
    • Źródło terminu
    • kaba
    • 9
    • KHW
    • 135825
650 -Hasło przedmiotowe [ ,7]
    • a
    • Hasło przedmiotowe
    • Ścieki
    • x
    • Określnik rzeczowy
    • analiza.
    • 2
    • Źródło terminu
    • kaba
    • 9
    • KHW
    • 365820
650 -Hasło przedmiotowe [ ,7]
    • a
    • Hasło przedmiotowe
    • Osady ściekowe
    • x
    • Określnik rzeczowy
    • analiza.
    • 2
    • Źródło terminu
    • kaba
    • 9
    • KHW
    • 365821
980 -Symbol UKD [ , ]
    • a
    • UKD
    • 628.1/.3:543.5
700 -Hasło dodatkowe - nazwa osobowa [1, ]
    • a
    • Nazwa osobowa (NP)
    • Hermanowicz, Witold Find
    • d
    • Daty biograficzne (NP)
    • (1904-1984).
    • 9
    • KHW
    • 27455
700 -Hasło dodatkowe - nazwa osobowa [1, ]
    • a
    • Nazwa osobowa (NP)
    • Dojlido, Jan Ryszard Find
    • d
    • Daty biograficzne (NP)
    • (1930-2018).
    • e
    • Określenie rodzaju współpracy
    • Oprac.
    • 9
    • KHW
    • 27456
710 -Hasło dodatkowe - nazwa ciała zbiorowego [2, ]
    • a
    • Nazwa ciała zbiorowego lub nazwa geograficzna jako pierwszy element (NP)
    • Wydawnictwo Arkady.
    • 4
    • Kod relacji
    • pbl
    • 9
    • KHW
    • 506560
920 -ISBN [ , ]
    • a
    • ISBN
    • 83-213-4067-9 Find
Lokalizacja Status udost. Data inwentaryzacji Numer inwentarzowy
BG12011-10-20Z.115611